<?xml version="1.0" encoding="UTF-8"?>
<record
    xmlns:xsi="http://www.w3.org/2001/XMLSchema-instance"
    xsi:schemaLocation="http://www.loc.gov/MARC21/slim http://www.loc.gov/standards/marcxml/schema/MARC21slim.xsd"
    xmlns="http://www.loc.gov/MARC21/slim">

  <leader>00967cam a2200241 a 4500</leader>
  <controlfield tag="001">000012815</controlfield>
  <controlfield tag="005">20240508200520.0</controlfield>
  <controlfield tag="008">910716s1966    uy            000 0 spa  </controlfield>
  <datafield tag="035" ind1=" " ind2=" ">
    <subfield code="a">(DLC) 16009337</subfield>
  </datafield>
  <datafield tag="035" ind1=" " ind2=" ">
    <subfield code="a">(OCoLC)24082557</subfield>
  </datafield>
  <datafield tag="040" ind1=" " ind2=" ">
    <subfield code="a">DO-SdBNP</subfield>
    <subfield code="b">spa</subfield>
    <subfield code="c">TxU</subfield>
    <subfield code="d">BNPHU</subfield>
    <subfield code="d">DLC</subfield>
  </datafield>
  <datafield tag="082" ind1=" " ind2=" ">
    <subfield code="a">346.012</subfield>
    <subfield code="b">P438c</subfield>
  </datafield>
  <datafield tag="100" ind1="1" ind2=" ">
    <subfield code="a">P&#xE9;rez Gomar, Gregorio,</subfield>
    <subfield code="d">1834-1885.</subfield>
    <subfield code="9">29626</subfield>
  </datafield>
  <datafield tag="245" ind1="1" ind2="0">
    <subfield code="a">Conferencias sobre el derecho natural como introduci&#xF3;n al Curso de derecho de gentes /</subfield>
    <subfield code="c">Gregorio P&#xE9;rez Gomar ; pr&#xF3;logo Emilio Siemens Amaro.</subfield>
  </datafield>
  <datafield tag="260" ind1=" " ind2=" ">
    <subfield code="a">Montevideo :</subfield>
    <subfield code="b">[Ministerios de Introducci&#xF3;n P&#xFA;blica y Prevenci&#xF3;n Social],</subfield>
    <subfield code="c">1966.</subfield>
  </datafield>
  <datafield tag="300" ind1=" " ind2=" ">
    <subfield code="a">176 p. ;</subfield>
    <subfield code="c">20 cm.</subfield>
  </datafield>
  <datafield tag="490" ind1="1" ind2=" ">
    <subfield code="a">Bibliotecas &#xC1;rtigas</subfield>
    <subfield code="a">Cl&#xE1;sicos P&#xE9;rz Gomar</subfield>
  </datafield>
  <datafield tag="650" ind1=" " ind2="4">
    <subfield code="a">Derecho natural</subfield>
    <subfield code="v">CONGRESOS, CONFERENCIAS, ETC.</subfield>
    <subfield code="9">29627</subfield>
  </datafield>
  <datafield tag="650" ind1=" " ind2="0">
    <subfield code="a">Derecho internacional </subfield>
    <subfield code="9">3258</subfield>
  </datafield>
  <datafield tag="830" ind1=" " ind2="0">
    <subfield code="a">Bibliotecas &#xC1;rtigas,</subfield>
    <subfield code="p">Cl&#xE1;sicos P&#xE9;rz Gomar</subfield>
    <subfield code="9">29628</subfield>
  </datafield>
  <datafield tag="910" ind1=" " ind2=" ">
    <subfield code="a">Catalogaci&#xF3;n derivada</subfield>
  </datafield>
  <datafield tag="952" ind1=" " ind2=" ">
    <subfield code="0">0</subfield>
    <subfield code="1">0</subfield>
    <subfield code="5">4</subfield>
    <subfield code="7">2</subfield>
    <subfield code="8">MO</subfield>
    <subfield code="a">GR</subfield>
    <subfield code="b">GR</subfield>
    <subfield code="c">BD</subfield>
    <subfield code="d">2009-11-17</subfield>
    <subfield code="i">LF1</subfield>
    <subfield code="l">0</subfield>
    <subfield code="o">346.012 P438c</subfield>
    <subfield code="p">12815-10</subfield>
    <subfield code="r">2020-06-25</subfield>
    <subfield code="w">2020-06-25</subfield>
    <subfield code="y">4</subfield>
    <subfield code="Z">Pr&#xE9;stamo en sala</subfield>
  </datafield>
  <datafield tag="952" ind1=" " ind2=" ">
    <subfield code="0">0</subfield>
    <subfield code="1">0</subfield>
    <subfield code="5">3</subfield>
    <subfield code="7">2</subfield>
    <subfield code="8">MO</subfield>
    <subfield code="a">GR</subfield>
    <subfield code="b">GR</subfield>
    <subfield code="c">CT</subfield>
    <subfield code="d">2009-11-17</subfield>
    <subfield code="i">LF1</subfield>
    <subfield code="l">0</subfield>
    <subfield code="o">346.012 P438c</subfield>
    <subfield code="p">12815-20</subfield>
    <subfield code="r">2020-06-25</subfield>
    <subfield code="t">e.2</subfield>
    <subfield code="w">2020-06-25</subfield>
    <subfield code="y">4</subfield>
    <subfield code="Z">Pr&#xE9;stamo en sala</subfield>
  </datafield>
  <datafield tag="999" ind1=" " ind2=" ">
    <subfield code="a">1 </subfield>
    <subfield code="n">0000034</subfield>
    <subfield code="c">12465</subfield>
    <subfield code="d">12465</subfield>
  </datafield>
  <datafield tag="049" ind1=" " ind2=" ">
    <subfield code="a">BNGR</subfield>
  </datafield>
</record>
